Normal view
MARC view
- Shamim, Muhammad Zakir Brig
Entry Personal Name
001 - CONTROL NUMBER
- control field: 74916
003 - CONTROL NUMBER IDENTIFIER
- control field: NUST
005 - DATE AND TIME OF LATEST TRANSACTION
- control field: 20210628205320.0
008 - FIXED-LENGTH DATA ELEMENTS
- fixed length control field: 210628|| aca||aabn | a|a d
040 ## - CATALOGING SOURCE
- Original cataloging agency: NUST
- Transcribing agency: NUST
100 ## - HEADING--PERSONAL NAME
- Personal name: Shamim, Muhammad Zakir Brig
670 ## - SOURCE DATA FOUND
- Source citation: Work cat.: (NUST): Shamim, Muhammad Zakir Brig, Mehkar, 1998
